U.S. Vice Presidents - Statistics

General Stats
  • This quiz has been taken 52 times
    22 since last reset
  • The average score is 23 of 49
Answer Stats
Years Vice President % Correct
2009-2017 Joe Biden
95%
2021-Present Kamala Harris
95%
2017-2021 Mike Pence
95%
1865-1865 Andrew Johnson
90%
1961-1963 Lyndon B. Johnson
90%
1981-1989 George Herbert Walker Bush
85%
1789-1797 John Adams
85%
1901-1901 Theodore Roosevelt
85%
1797-1801 Thomas Jefferson
85%
1973-1974 Gerald Ford
80%
1993-2001 Al Gore
75%
1953-1961 Richard Nixon
75%
1801-1805 Aaron Burr
70%
1945-1945 Harry S. Truman
70%
1841-1841 John Tyler
70%
2001-2009 Dick Cheney
65%
1805-1812 George Clinton
65%
1965-1969 Hubert Humphrey
65%
1833-1837 Martin Van Buren
65%
1969-1973 Spiro T. Agnew
65%
1977-1981 Walter Mondale
65%
1881-1881 Chester A. Arthur
60%
1989-1993 Dan Quayle
60%
1921-1923 Calvin Coolidge
55%
1974-1977 Nelson Rockefeller
55%
1849-1850 Millard Fillmore
45%
1873-1875 Henry Wilson
40%
1825-1832 John C. Calhoun
40%
1861-1865 Hannibal Hamlin
35%
1941-1945 Henry A. Wallace
30%
1813-1814 Elbridge Gerry
25%
1929-1933 Charles Curtis
20%
1905-1909 Charles W. Fairbanks
15%
1845-1849 George M. Dallas
15%
1869-1873 Schuyler Colfax
15%
1853-1853 WIlliam R. King
15%
1893-1897 Adlai Stevenson I
10%
1817-1825 Daniel D. Tompkins
10%
1897-1899 Garret Hobart
10%
1909-1912 James S. Sherman
10%
1933-1941 John Garner
10%
1889-1893 Levi P. Morton
10%
1877-1881 William A. Wheeler
10%
1949-1953 Alben W. Barkley
5%
1925-1929 Charles G. Dawes
5%
1837-1841 Richard Mentor Johnson
5%
1885-1885 Thomas A. Hendricks
5%
1913-1921 Thomas Marshall
5%
1847-1861 John C. Beckinridge
0%
No matching quizzes found
Score Distribution
Percent of People with Each Score
Percentile by Number Answered
Your Score History
You have not taken this quiz since the last reset